Traité des falsifications des substances alimentaires et des moyens de les reconnaitre / (Record no. 153386)

MARC details
000 -LEADER
campo de control de longitud fija 00803nam a22001695i 4500
001 - NÚMERO DE CONTROL
campo de control 153386
003 - IDENTIFICADOR DE NÚMERO DE CONTROL
campo de control ES-MaACL
005 - FECHA Y HORA DE LA ÚLTIMA TRANSACCIÓN
campo de control 20230906205213.0
008 - DATOS DE LONGITUD FIJA--INFORMACIÓN GENERAL
campo de control de longitud fija 050805s1850 fr | |||||||| ||fre d
040 ## - FUENTE DE CATALOGACIÓN
Centro catalogador/agencia de origen CAM
Lengua de catalogación spa
Centro/agencia transcriptor CAM
100 1# - ENTRADA PRINCIPAL--NOMBRE DE PERSONA
Nombre de persona Dangivillé, Emile.
9 (RLIN) 126694
245 10 - MENCIÓN DEL TÍTULO
Título Traité des falsifications des substances alimentaires et des moyens de les reconnaitre /
Mención de responsabilidad, etc. par Émile Dangivillé.
260 ## - PUBLICACIÓN, DISTRIBUCIÓN, ETC.
Lugar de publicación, distribución, etc. Paris :
Nombre del editor, distribuidor, etc. Goldschmidt Frères,
Fecha de publicación, distribución, etc. 1850 (
Fabricante Imprimerie Schneider)
300 ## - DESCRIPCIÓN FÍSICA
Extensión 64 p., [2] h. de lám. ;
Dimensiones 20 cm.
650 #4 - PUNTO DE ACCESO ADICIONAL DE MATERIA--TÉRMINO DE MATERIA
Término de materia o nombre geográfico como elemento de entrada Alimentos-
Subdivisión general Adulteración.
9 (RLIN) 148900
852 ## - LOCALIZACIÓN
Ubicación ES-MaACL
Número de control de estantería R-1366(6)
Nota libre -- Enc. hol.
condición física -- Falto últimas pp.?
Nota libre -- Enc. en un vol. facticio, formando parte de la col. facticia: "Colección de memorias médicas"
-- Antep. enc. al final de la obra
-- .- Donat. Mateo Seoane
Holdings
Estatus retirado Estado de pérdida Estado de daño No para préstamo Colección Biblioteca de origen Biblioteca actual Ubicación en estantería Fecha de adquisición Total de préstamos Signatura topográfica completa Código de barras Visto por última vez Precio de reemplazo Tipo de ítem Koha
        Libros del s. XIX Biblioteca del Ateneo de Madrid Biblioteca del Ateneo de Madrid Depósito 17/01/2008   R-1366(6) 1160301 23/02/2023 23/02/2023 Libro impreso antiguo